000 00761nam a22002057a 4500
999 _c20850
_d20850
003 AR-CdUCM
008 190606b ||||| |||| 00| 0 spa d
040 _aMUNICIPALIDAD PROVINCIAL DEL CUSCO
_cBIBLIOTECA MUNICIPAL DEL CUSCO
082 _a348.41 /
_bD68
100 _aDiaz Bedregal, Florencio
_943536
245 _aApuntes para una reforma agraria en el departamento de Puno /
260 _aCusco :
_bGarcilaso,
_c1960.
300 _a127 páginas,
_c21 cm.
505 _aContenido: Antecedentes de la propiedad rural en Puno -- Comprobación estadística del estado feudal en el departamento de Puno...
650 _aPuno
_93897
650 _aHistoria de Puno
_943537
650 _aReforma agraria en Puno
_943538
942 _2ddc
_cLIBROS
945 _aAndy